[Event "Vallfogona de Balaguer Farre Mem 2nd"]
[Site "Vallfogona de Balaguer"]
[Date "2023.05.06"]
[Round "4"]
[White "Monfa Sole, Ramon"]
[Black "Parramon Guillaumet, Jaime"]
[Result "1-0"]
[WhiteElo "2013"]
[BlackElo "1883"]
[PlyCount "25"]
[EventDate "2023.04.15"]
[EventType "swiss"]
[EventRounds "8"]
[EventCountry "ESP"]
[SourceTitle "EXT 2024"]
[Source "ChessBase"]
[SourceDate "2023.10.10"]
[SourceVersion "1"]
[SourceVersionDate "2023.10.10"]
[SourceQuality "1"]

1. e4 g6 2. d4 Bg7 3. c3 d6 4. Nf3 Nd7 5. Bd3 c5 6. Be3 b6 7. 0-0 Bb7 8. Nbd2 Ngf6 9. e5 dxe5 10. dxe5 Ng4 11. e6 fxe6 12. Ng5 Ndf6 13. Bb5+ 1-0

[Event "Lleida-ch"]
[Site "Bellcaire"]
[Date "2016.11.20"]
[Round "8"]
[White "Monfa Sole, Ramon"]
[Black "Barbero Sendic, Alejandro"]
[Result "0-1"]
[WhiteElo "2006"]
[BlackElo "2336"]
[PlyCount "92"]
[EventDate "2016.10.02"]
[EventType "swiss"]
[EventRounds "9"]
[EventCountry "ESP"]
[SourceTitle "EXT 2018"]
[Source "ChessBase"]
[SourceDate "2017.10.13"]
[SourceVersion "1"]
[SourceVersionDate "2017.10.13"]
[SourceQuality "1"]

1. d3 d5 2. a3 g6 3. Nf3 Bg7 4. Nbd2 e6 5. g3 Ne7 6. Bg2 c5 7. 0-0 0-0 8. c4 Nbc6 9. Rb1 a5 10. b3 b6 11. Qc2 d4 12. e4 dxe3 13. fxe3 Nf5 14. Ne4 h5 15. Qe2 Bb7 16. Bb2 e5 17. Rbd1 Qe7 18. Bc1 Nd8 19. Nfg5 Nh6 20. Nh3 Bxe4 21. Bxe4 Ra7 22. Bd5 Ng4 23. e4 Ne6 24. Bxe6 Qxe6 25. Nf2 Nf6 26. h3 Nd7 27. Kg2 Nb8 28. Be3 Nc6 29. g4 hxg4 30. hxg4 f5 31. exf5 gxf5 32. gxf5 Rxf5 33. Ne4 Qg6+ 34. Ng3 Rxf1 35. Qxf1 e4 36. Qf5 Qxf5 37. Nxf5 Rd7 38. Nxg7 Kxg7 39. Kf2 exd3 40. b4 axb4 41. axb4 Nxb4 42. Bd2 Nc2 43. Rb1 Rd6 44. Kf3 Kf7 45. Rh1 Na3 46. Rc1 Rd4 0-1

[Event "Lleida-ch"]
[Site "Bellcaire"]
[Date "2016.10.23"]
[Round "4"]
[White "Monfa Sole, Ramon"]
[Black "Llavall Sans, Daniel"]
[Result "1/2-1/2"]
[WhiteElo "2006"]
[BlackElo "2116"]
[PlyCount "73"]
[EventDate "2016.10.02"]
[EventType "swiss"]
[EventRounds "9"]
[EventCountry "ESP"]
[SourceTitle "EXT 2018"]
[Source "ChessBase"]
[SourceDate "2017.10.13"]
[SourceVersion "1"]
[SourceVersionDate "2017.10.13"]
[SourceQuality "1"]

1. d3 d5 2. a3 Nf6 3. Nd2 c5 4. e4 Nc6 5. Ngf3 e5 6. c3 a5 7. a4 Be7 8. Be2 0-0 9. 0-0 Qc7 10. Qc2 Rd8 11. Re1 Be6 12. Ng5 Bc8 13. Nb1 h6 14. Nf3 Be6 15. Na3 d4 16. g3 Rac8 17. Nc4 Bxc4 18. dxc4 dxc3 19. bxc3 Nh7 20. h4 Rd6 21. Be3 b6 22. Nh2 g5 23. h5 Nf6 24. g4 Nd8 25. Nf1 Ne6 26. Ng3 Bf8 27. Nf5 Rdd8 28. f3 Nf4 29. Bf1 Rd7 30. Red1 Rcd8 31. Rab1 Rxd1 32. Rxd1 Rxd1 33. Qxd1 Qd7 34. Qxd7 Nxd7 35. Bd2 f6 36. Kf2 Kf7 37. Ne3 1/2-1/2

[Event "Lleida-ch"]
[Site "Bellcaire"]
[Date "2016.10.16"]
[Round "3"]
[White "Degracia Burgues, Jose A"]
[Black "Monfa Sole, Ramon"]
[Result "0-1"]
[WhiteElo "1860"]
[BlackElo "2006"]
[PlyCount "90"]
[EventDate "2016.10.02"]
[EventType "swiss"]
[EventRounds "9"]
[EventCountry "ESP"]
[SourceTitle "EXT 2018"]
[Source "ChessBase"]
[SourceDate "2017.10.13"]
[SourceVersion "1"]
[SourceVersionDate "2017.10.13"]
[SourceQuality "1"]

1. e4 c6 2. d3 Na6 3. c3 d5 4. Qc2 Nc7 5. f4 dxe4 6. dxe4 Nf6 7. Nf3 g6 8. Be2 Bg7 9. 0-0 0-0 10. Rd1 Bd7 11. Nbd2 Ne6 12. Nc4 Qc7 13. Nce5 Rad8 14. Be3 b6 15. b4 Nh5 16. Nxd7 Rxd7 17. Rxd7 Qxd7 18. Ne5 Bxe5 19. fxe5 Qc7 20. Bxh5 gxh5 21. Rf1 Qxe5 22. Rf5 Qg7 23. Rxh5 Rd8 24. Rh3 Kh8 25. e5 Qg6 26. Qe2 Ng5 27. Bxg5 Qxg5 28. Re3 Rd1+ 29. Kf2 Qh4+ 30. Kf3 Rh1 31. h3 Rc1 32. g3 Qxh3 33. Ke4 Qh1+ 34. Qf3 Qxf3+ 35. Rxf3 Kg7 36. a3 Rd1 37. c4 Kg6 38. Re3 h5 39. Kf3 Rd4 40. Re4 Rxe4 41. Kxe4 Kg5 42. a4 Kg4 43. a5 Kxg3 44. b5 cxb5 45. axb6 axb6 0-1

[Event "Lleida-ch"]
[Site "Bellcaire"]
[Date "2016.10.09"]
[Round "2"]
[White "Monfa Sole, Ramon"]
[Black "Montoliu Daroca, Imma"]
[Result "1-0"]
[WhiteElo "2006"]
[BlackElo "1810"]
[PlyCount "69"]
[EventDate "2016.10.02"]
[EventType "swiss"]
[EventRounds "9"]
[EventCountry "ESP"]
[SourceTitle "EXT 2018"]
[Source "ChessBase"]
[SourceDate "2017.10.13"]
[SourceVersion "1"]
[SourceVersionDate "2017.10.13"]
[SourceQuality "1"]

1. d3 e5 2. a3 d5 3. Nf3 Bd6 4. e4 Nf6 5. exd5 Nxd5 6. Be2 0-0 7. c4 Nf6 8. Nc3 h6 9. 0-0 c6 10. b4 b6 11. Bb2 Qc7 12. Rc1 Re8 13. Ne4 Nxe4 14. dxe4 f5 15. Qd3 fxe4 16. Qxe4 Nd7 17. Rfd1 Nf6 18. Qd3 Bf8 19. Qc3 e4 20. Nh4 Bd6 21. g3 Be5 22. Qb3 c5 23. Ng6 Bxb2 24. Qxb2 Ng4 25. Nf4 Qf7 26. Rd6 Bf5 27. f3 Ne5 28. Qc3 g5 29. Nd5 Re6 30. Rxe6 Qxe6 31. Nc7 Qc6 32. Nxa8 exf3 33. Qxe5 Bh3 34. Qd5+ Qxd5 35. cxd5 1-0

[Event "Vilafranca del Penedes op 10th"]
[Site "Vilafranca del Penedes"]
[Date "2016.04.15"]
[Round "3.5"]
[White "Garcia Miracle, Joan Josep"]
[Black "Monfa Sole, Ramon"]
[Result "1/2-1/2"]
[WhiteElo "2190"]
[BlackElo "2109"]
[PlyCount "81"]
[EventDate "2016.04.01"]
[EventType "swiss"]
[EventRounds "8"]
[EventCountry "ESP"]
[SourceTitle "EXT 2024"]
[Source "ChessBase"]
[SourceDate "2023.10.10"]
[SourceVersion "1"]
[SourceVersionDate "2023.10.10"]
[SourceQuality "1"]

1. d4 Na6 2. Nf3 c6 3. e4 d6 4. Nc3 Nc7 5. Bc4 Nf6 6. e5 dxe5 7. Nxe5 Be6 8. 0-0 Bxc4 9. Nxc4 e6 10. Bf4 Ncd5 11. Bg3 Be7 12. Qe2 0-0 13. Rfd1 Re8 14. Ne4 Nxe4 15. Qxe4 Nf6 16. Qe2 b5 17. Ne5 Qb6 18. c4 bxc4 19. Rac1 Red8 20. Rxc4 c5 21. dxc5 Rxd1+ 22. Qxd1 Rd8 23. Nd3 Bxc5 24. Qc2 Bd6 25. Rc6 Qd4 26. Bxd6 Rxd6 27. Rc8+ Rd8 28. Qc7 Rf8 29. Qc3 Qxc3 30. Rxc3 g6 31. f3 Rd8 32. Kf2 Nd5 33. Ra3 Rd7 34. Ke2 Kf8 35. Ra4 Rc7 36. Kd2 Nb6 37. Rh4 h5 38. b3 Ke7 39. Ne5 Rc5 40. Nd3 Rg5 41. g3 1/2-1/2

[Event "Lleida Regional-ch"]
[Site "Lleida"]
[Date "2015.11.08"]
[Round "6"]
[White "Monfa Sole, Ramon"]
[Black "Rodon Balcells, Jaume"]
[Result "0-1"]
[WhiteElo "2178"]
[BlackElo "1980"]
[PlyCount "68"]
[EventDate "2015.09.27"]
[EventType "swiss"]
[EventRounds "9"]
[EventCountry "ESP"]
[SourceTitle "EXT 2017"]
[Source "ChessBase"]
[SourceDate "2016.10.25"]
[SourceVersion "1"]
[SourceVersionDate "2016.10.25"]
[SourceQuality "1"]

1. d3 d5 2. a3 e5 3. Nf3 Nc6 4. b4 a6 5. Bb2 Bd6 6. c4 d4 7. Nbd2 Nh6 8. c5 Be7 9. Nc4 f6 10. e3 dxe3 11. fxe3 0-0 12. Be2 b5 13. cxb6 cxb6 14. Bc3 b5 15. Na5 Nxa5 16. bxa5 Bb7 17. Bb4 Rc8 18. 0-0 Bxb4 19. axb4 Ng4 20. Qd2 f5 21. h3 Bxf3 22. Bxf3 e4 23. hxg4 exf3 24. Rxf3 fxg4 25. Rxf8+ Qxf8 26. Rf1 Qe7 27. e4 Qe5 28. Qe3 Qc3 29. Qa7 Qxb4 30. d4 Qa3 31. Kh1 Rf8 32. Rxf8+ Qxf8 33. d5 g3 34. Qg1 Qf4 0-1

[Event "Lleida Regional-ch"]
[Site "Lleida"]
[Date "2015.10.25"]
[Round "4"]
[White "Monfa Sole, Ramon"]
[Black "Cots Valls, Jordi"]
[Result "1-0"]
[WhiteElo "2178"]
[BlackElo "1834"]
[PlyCount "83"]
[EventDate "2015.09.27"]
[EventType "swiss"]
[EventRounds "9"]
[EventCountry "ESP"]
[SourceTitle "EXT 2017"]
[Source "ChessBase"]
[SourceDate "2016.10.25"]
[SourceVersion "1"]
[SourceVersionDate "2016.10.25"]
[SourceQuality "1"]

1. d3 d5 2. a3 g6 3. e4 dxe4 4. dxe4 Qxd1+ 5. Kxd1 Bg7 6. c3 a5 7. Bf4 c6 8. Nd2 Nf6 9. f3 b5 10. g4 Be6 11. Ne2 h5 12. g5 Nh7 13. h4 f6 14. gxf6 Nxf6 15. Nd4 Bd7 16. Bd3 Ng4 17. e5 Nf2+ 18. Kc2 Nxd3 19. Kxd3 0-0 20. Bh2 c5 21. Ne2 Bc6 22. Rhf1 Na6 23. Ne4 Rad8+ 24. Ke3 Bxe4 25. fxe4 Bh6+ 26. Bf4 c4 27. Nd4 Rxf4 28. Rxf4 Nc5 29. Rg1 Kh7 30. Rg5 Bxg5 31. hxg5 Kg7 32. e6 Rxd4 33. Rf7+ Kg8 34. cxd4 Nxe6 35. Rxe7 Nxg5 36. Rb7 h4 37. Rxb5 Ne6 38. d5 h3 39. Kf2 Nf4 40. Kg3 g5 41. d6 Nd3 42. Rxg5+ 1-0

[Event "Lleida Province-ch"]
[Site "Tornabous"]
[Date "2014.11.30"]
[Round "9"]
[White "Monfa Sole, Ramon"]
[Black "Rodriguez Moles, Julian"]
[Result "1-0"]
[WhiteElo "2160"]
[BlackElo "2029"]
[PlyCount "89"]
[EventDate "2014.10.05"]
[EventType "swiss"]
[EventRounds "9"]
[EventCountry "ESP"]
[SourceTitle "EXT 2016"]
[Source "ChessBase"]
[SourceDate "2015.10.08"]
[SourceVersion "1"]
[SourceVersionDate "2015.10.08"]
[SourceQuality "1"]

1. d3 e5 2. a3 a5 3. c4 Bc5 4. Nf3 Nc6 5. g3 d6 6. Bg2 f5 7. e3 Qf6 8. Nc3 Nge7 9. Qb3 Rb8 10. Nb5 Bb6 11. 0-0 Nd8 12. Bd2 Nf7 13. Bc3 0-0 14. a4 Kh8 15. Qc2 c6 16. Na3 Ng5 17. Qd2 Nxf3+ 18. Bxf3 Ra8 19. Bg2 Qh6 20. d4 f4 21. exf4 exf4 22. Qe2 Ng6 23. c5 Bh3 24. f3 dxc5 25. Nc4 Ba7 26. Qf2 Rad8 27. Rad1 Rd5 28. Bxa5 cxd4 29. Bb6 Bb8 30. Rxd4 Rdf5 31. g4 Bxg2 32. Qxg2 Rg5 33. Kh1 c5 34. Rd7 Nh4 35. Qh3 Be5 36. Bd8 Bf6 37. Nd6 Kg8 38. Bxf6 gxf6 39. Rd1 f5 40. gxf5 b6 41. Ne4 Rh5 42. Qg4+ Kh8 43. R1d2 Nxf5 44. Rd8 Rh4 45. Qxf5 1-0

[Event "Lleida Province-ch"]
[Site "Tornabous"]
[Date "2014.10.05"]
[Round "1"]
[White "Monfa Sole, Ramon"]
[Black "Foix Martinez, Jaume"]
[Result "1-0"]
[WhiteElo "2160"]
[BlackElo "1877"]
[PlyCount "51"]
[EventDate "2014.10.05"]
[EventType "swiss"]
[EventRounds "9"]
[EventCountry "ESP"]
[SourceTitle "CBM 163 Extra"]
[Source "ChessBase"]
[SourceDate "2014.12.23"]
[SourceVersion "1"]
[SourceVersionDate "2014.12.23"]
[SourceQuality "1"]

1. d3 e6 2. a3 d5 3. g3 Nf6 4. Bg2 c5 5. c4 Nc6 6. cxd5 exd5 7. Nf3 Be7 8. 0-0 0-0 9. b3 Be6 10. Bb2 Rc8 11. Nbd2 Qb6 12. Rb1 Rfd8 13. Qc2 Na5 14. Bc3 d4 15. Nc4 Qa6 16. Bxa5 b6 17. Bd2 b5 18. Na5 b4 19. axb4 cxb4 20. Nc4 Nd5 21. Nxd4 Nc3 22. Bxc3 bxc3 23. Ra1 Qb7 24. Bxb7 Rc7 25. Nxe6 fxe6 26. Be4 1-0

[Event "Lleida Province-ch"]
[Site "Balaguer"]
[Date "2013.10.13"]
[Round "2"]
[White "Monfa Sole, Ramon"]
[Black "Blanch Plana, Josep Ramon"]
[Result "1-0"]
[WhiteElo "2008"]
[BlackElo "1729"]
[PlyCount "103"]
[EventDate "2013.10.06"]
[EventType "swiss"]
[EventRounds "9"]
[EventCountry "ESP"]
[SourceTitle "CBM 157 Extra"]
[Source "ChessBase"]
[SourceDate "2013.12.19"]
[SourceVersion "1"]
[SourceVersionDate "2013.12.19"]
[SourceQuality "1"]

1. d3 e6 2. a3 d5 3. Nd2 f5 4. Ngf3 Nf6 5. c4 c6 6. b3 Bd6 7. Bb2 0-0 8. e3 Qe7 9. Ne5 Nbd7 10. Ndf3 Ng4 11. Nxd7 Bxd7 12. h3 Nxe3 13. fxe3 Bg3+ 14. Kd2 e5 15. Kc2 dxc4 16. dxc4 Rad8 17. Qe2 a5 18. Bc3 b6 19. Be1 Bxe1 20. Qxe1 Qc5 21. Qc3 f4 22. e4 Rfe8 23. b4 axb4 24. axb4 Qf2+ 25. Qd2 Qg3 26. Bd3 Ra8 27. Qe2 Rad8 28. Ra3 Qg6 29. Rha1 Qd6 30. Kc3 c5 31. b5 h6 32. Bc2 Qe7 33. Ra7 Qe6 34. Rd1 Kh7 35. Rd5 Bc8 36. Qd2 Qf6 37. Kb3 Be6 38. Rxd8 Rxd8 39. Qc3 Rd4 40. Nxd4 cxd4 41. Qd3 Qd8 42. Bd1 Qe8 43. Kc2 Qg6 44. Bf3 Qe8 45. Bg4 Bxg4 46. hxg4 Qg6 47. Qh3 d3+ 48. Qxd3 Qxg4 49. Qf3 Qc8 50. Kb3 Qb8 51. Rd7 Qf8 52. Qg4 1-0

[Event "Lleida Province-ch"]
[Site "Lleida"]
[Date "2012.10.07"]
[Round "1"]
[White "Mohammed Waliul, Islam"]
[Black "Monfa Sole, Ramon"]
[Result "0-1"]
[WhiteElo "1851"]
[BlackElo "2009"]
[PlyCount "110"]
[EventDate "2012.10.07"]
[EventType "swiss"]
[EventRounds "9"]
[EventCountry "ESP"]
[SourceTitle "EXT 2015"]
[Source "ChessBase"]
[SourceDate "2014.11.20"]
[SourceVersion "1"]
[SourceVersionDate "2014.11.20"]
[SourceQuality "1"]

1. d4 Na6 2. c4 c5 3. e3 Nf6 4. Nc3 d6 5. Nf3 Bf5 6. Be2 e6 7. a3 Be7 8. Qb3 Qd7 9. 0-0 0-0 10. Nh4 Bg6 11. Nxg6 hxg6 12. Bf3 Rab8 13. Rd1 cxd4 14. exd4 Nc7 15. Be3 d5 16. Rac1 dxc4 17. Qxc4 Rfc8 18. Qb3 Ncd5 19. Bxd5 Nxd5 20. Nxd5 exd5 21. Bf4 Ra8 22. h3 b5 23. Rc3 Rc4 24. Re3 Rac8 25. Rc3 a6 26. Rdc1 Bf6 27. Be3 Qf5 28. Qd1 Qd7 29. Qd2 Be7 30. Rxc4 bxc4 31. Rc3 Rb8 32. Qc1 Qb5 33. Rc2 a5 34. Bf4 Rb7 35. Bd2 a4 36. Bc3 Bf6 37. Re2 Rb8 38. Qd1 Re8 39. Qe1 Rxe2 40. Qxe2 Qd7 41. g4 Be7 42. Kg2 Bd6 43. Qe1 Bb8 44. Qe3 Kh7 45. f4 Qd6 46. Qe5 Qd8 47. Qe3 Qf6 48. Kg3 g5 49. Qf3 gxf4+ 50. Kg2 Qe6 51. h4 g6 52. g5 Qf5 53. Qe2 f6 54. gxf6 Qxf6 55. Kh3 f3 0-1

[Event "Vallfogona de Lleida op"]
[Site "Vallfogona de Balaguer"]
[Date "2012.05.18"]
[Round "5"]
[White "Monfa Sole, Ramon"]
[Black "Solani Nunez, Joel"]
[Result "1-0"]
[WhiteElo "2019"]
[BlackElo "1641"]
[PlyCount "43"]
[EventDate "2012.04.20"]
[EventType "swiss"]
[EventRounds "8"]
[EventCountry "ESP"]
[SourceTitle "EXT 2015"]
[Source "ChessBase"]
[SourceDate "2014.11.20"]
[SourceVersion "1"]
[SourceVersionDate "2014.11.20"]
[SourceQuality "1"]

1. d3 d5 2. a3 e5 3. Nf3 Bd6 4. e4 d4 5. Be2 Ne7 6. 0-0 0-0 7. Nbd2 Be6 8. Ng5 Bd7 9. Nc4 Nbc6 10. f4 Ng6 11. f5 Nf4 12. Bxf4 exf4 13. Nxd6 Qxg5 14. Nxb7 Qe7 15. b4 a5 16. Nxa5 Nxa5 17. bxa5 Rxa5 18. Qd2 Rxa3 19. f6 Qd6 20. Rxa3 Qxa3 21. Qxf4 Qd6 22. Qg5 1-0

[Event "Vallfogona de Lleida op"]
[Site "Vallfogona de Balaguer"]
[Date "2012.05.05"]
[Round "3"]
[White "Monfa Sole, Ramon"]
[Black "Vila Carrera, Jose Manuel"]
[Result "1/2-1/2"]
[WhiteElo "2019"]
[BlackElo "1867"]
[PlyCount "66"]
[EventDate "2012.04.20"]
[EventType "swiss"]
[EventRounds "8"]
[EventCountry "ESP"]
[SourceTitle "EXT 2015"]
[Source "ChessBase"]
[SourceDate "2014.11.20"]
[SourceVersion "1"]
[SourceVersionDate "2014.11.20"]
[SourceQuality "1"]

1. d3 d5 2. a3 e5 3. Nf3 Bd6 4. e4 d4 5. Be2 Ne7 6. Nbd2 0-0 7. Nc4 Ng6 8. 0-0 Be6 9. Nxd6 Qxd6 10. Ng5 Bd7 11. Bg4 Bxg4 12. Qxg4 Nd7 13. g3 Nf6 14. Qe2 h6 15. Nh3 Qe6 16. Kg2 c5 17. f4 Qg4 18. Qxg4 Nxg4 19. Ng1 Nf6 20. Nf3 Nd7 21. h4 h5 22. f5 Ne7 23. g4 hxg4 24. Nh2 f6 25. h5 Kf7 26. Nxg4 Rh8 27. h6 Rag8 28. Kf3 g6 29. fxg6+ Rxg6 30. Bd2 Nf8 31. Rh1 Nh7 32. Rh5 Rhg8 33. Rg1 Ke6 1/2-1/2

[Event "Bellpuig op 2nd"]
[Site "Bellpuig"]
[Date "2012.02.04"]
[Round "4"]
[White "Monfa Sole, Ramon"]
[Black "Boldu Quiros, Josep"]
[Result "1/2-1/2"]
[WhiteElo "2012"]
[BlackElo "1713"]
[PlyCount "162"]
[EventDate "2012.01.14"]
[EventType "swiss"]
[EventRounds "8"]
[EventCountry "ESP"]
[SourceTitle "EXT 2014"]
[Source "ChessBase"]
[SourceDate "2013.11.20"]
[SourceVersion "1"]
[SourceVersionDate "2013.11.20"]
[SourceQuality "1"]

1. d3 d5 2. a3 e5 3. Nf3 Nc6 4. e4 dxe4 5. dxe4 Qxd1+ 6. Kxd1 Bg4 7. Be3 0-0-0+ 8. Nbd2 Nd4 9. Kc1 Nxf3 10. gxf3 Be6 11. Bc4 Bxc4 12. Nxc4 f6 13. Rd1 Rxd1+ 14. Kxd1 Ne7 15. Ke2 Nc6 16. c3 Be7 17. b4 a6 18. a4 b6 19. f4 exf4 20. Bxf4 Kb7 21. Ne3 Rd8 22. Nf5 Bf8 23. h4 Ne7 24. Nd4 Ng6 25. Bg3 Re8 26. f3 Ne5 27. f4 Nc6 28. Nxc6 Kxc6 29. Kf3 Rd8 30. Ke2 Re8 31. Ke3 g6 32. Rd1 Be7 33. Rd5 Rd8 34. Kd4 Rxd5+ 35. exd5+ Kd7 36. Be1 c5+ 37. Kc4 cxb4 38. cxb4 g5 39. fxg5 fxg5 40. h5 g4 41. Kd4 g3 42. Bxg3 Bxb4 43. Kc4 Bc5 44. Be5 Bd6 45. Bd4 Kc7 46. Kd3 Bc5 47. Bb2 b5 48. axb5 axb5 49. Ke4 b4 50. Kd3 Kd6 51. Kc4 Bf2 52. Bg7 Be1 53. Bf8+ Ke5 54. Bg7+ Kd6 55. Bh6 Ke7 56. Bg5+ Kd6 57. Bf4+ Kd7 58. Be5 Ke7 59. Bf4 Bc3 60. Be3 Kd6 61. Bc5+ Ke5 62. Bf8 Be1 63. Kc5 b3 64. Bg7+ Kf5 65. Kc4 Kg5 66. d6 Ba5 67. Kxb3 Kxh5 68. Kc4 Kg6 69. Bd4 Kf7 70. Kb5 Bd8 71. Kc6 Ke6 72. Bf2 h5 73. Bg3 h4 74. Bh2 h3 75. Bg3 Ba5 76. d7 Bd8 77. Bh2 Ba5 78. Bc7 Bxc7 79. Kxc7 h2 80. d8Q h1Q 81. Qe8+ Kf5 1/2-1/2

[Event "Lleida Province-ch"]
[Site "Lleida"]
[Date "2011.11.01"]
[Round "5"]
[White "Monfa Sole, Ramon"]
[Black "Rodon Balcells, Jaume"]
[Result "1-0"]
[WhiteElo "2040"]
[BlackElo "1879"]
[PlyCount "107"]
[EventDate "2011.10.09"]
[EventType "swiss"]
[EventRounds "9"]
[EventCountry "ESP"]
[SourceTitle "EXT 2015"]
[Source "ChessBase"]
[SourceDate "2014.11.20"]
[SourceVersion "1"]
[SourceVersionDate "2014.11.20"]
[SourceQuality "1"]

1. d3 e5 2. a3 a5 3. Nf3 Nc6 4. g3 Nf6 5. Bg2 Bc5 6. 0-0 0-0 7. c4 Rb8 8. Nc3 Re8 9. Bg5 h6 10. Bd2 b6 11. e3 Bb7 12. Ne1 Ne7 13. Na4 Bxg2 14. Kxg2 Bd6 15. c5 bxc5 16. Bxa5 Rb5 17. Bc3 Nfd5 18. Qc2 Nf5 19. Bd2 Nf6 20. Nc3 Qa8+ 21. Kg1 Rb6 22. Ne4 Reb8 23. Nxf6+ gxf6 24. Bc3 Ne7 25. e4 Nc6 26. Qe2 Nd4 27. Qh5 Bf8 28. Ng2 f5 29. Nh4 fxe4 30. dxe4 Qxe4 31. Rae1 Qa8 32. Rxe5 Rf6 33. Qg4+ Kh7 34. Bxd4 cxd4 35. Qxd4 Qc6 36. b4 d6 37. Re3 Bg7 38. Qd3+ Kg8 39. Rfe1 Qb5 40. Qc2 c5 41. bxc5 dxc5 42. Nf5 c4 43. Nxg7 Kxg7 44. Qc3 Qf5 45. f4 Qc5 46. Qe5 Qa7 47. Kg2 Rb3 48. g4 Qb7+ 49. Kg3 Rb2 50. R1e2 Rb1 51. g5 Rg1+ 52. Kh4 hxg5+ 53. fxg5 Rxg5 54. Kxg5 1-0

[Event "Lleida Province-ch"]
[Site "Lleida"]
[Date "2011.10.23"]
[Round "4"]
[White "Rodriguez Moles, Julian"]
[Black "Monfa Sole, Ramon"]
[Result "1-0"]
[WhiteElo "1669"]
[BlackElo "2040"]
[PlyCount "95"]
[EventDate "2011.10.09"]
[EventType "swiss"]
[EventRounds "9"]
[EventCountry "ESP"]
[SourceTitle "EXT 2015"]
[Source "ChessBase"]
[SourceDate "2014.11.20"]
[SourceVersion "1"]
[SourceVersionDate "2014.11.20"]
[SourceQuality "1"]

1. e4 d6 2. Bc4 Nf6 3. Nc3 e5 4. Nf3 Be7 5. d4 Nbd7 6. 0-0 0-0 7. h3 c6 8. Be3 b5 9. Bb3 b4 10. dxe5 dxe5 11. Na4 Nxe4 12. Qd3 Nef6 13. Ng5 Qa5 14. Rfd1 Ba6 15. Qf5 g6 16. Qf3 Rad8 17. c3 h6 18. Ne4 Nxe4 19. Qxe4 Kg7 20. Qxc6 Bb5 21. Rd5 Bxc6 22. Rxa5 bxc3 23. Nxc3 f5 24. Rxa7 f4 25. Bb6 Rb8 26. Bc7 Rbe8 27. Re1 Bc5 28. Ra6 Bb7 29. Ra5 Bd4 30. Bd5 Bxd5 31. Rxd5 Nf6 32. Bxe5 Bxc3 33. bxc3 Kf7 34. Ra5 Nd7 35. Kf1 Nxe5 36. Raxe5 Rc8 37. Re7+ Kg8 38. Rc1 Rb8 39. c4 Rb2 40. c5 Rxa2 41. c6 Rc8 42. c7 Raa8 43. Rd7 Kf8 44. Rcd1 Ke8 45. Ke2 g5 46. Kf3 h5 47. Ke4 g4 48. Kxf4 1-0